Indian album (Record no. 119083)
[ view plain ]
| 000 -LEADER | |
|---|---|
| fixed length control field | 00791cam a22002531 4500 |
| 001 - CONTROL NUMBER | |
| control field | 6469271 |
| 003 - CONTROL NUMBER IDENTIFIER | |
| control field | ARRUPE |
| 005 - DATE AND TIME OF LATEST TRANSACTION | |
| control field | 20131204142629.0 |
| 008 - FIXED-LENGTH DATA ELEMENTS--GENERAL INFORMATION | |
| fixed length control field | 750811s1946 enk 000 0 eng |
| 010 ## - LIBRARY OF CONGRESS CONTROL NUMBER | |
| LC control number | a 46003755 |
| 035 ## - SYSTEM CONTROL NUMBER | |
| System control number | (OCoLC)1536032 |
| 040 ## - CATALOGING SOURCE | |
| Original cataloging agency | DLC |
| Transcribing agency | GU |
| Modifying agency | OCoLC |
| -- | DLC |
| 050 00 - LIBRARY OF CONGRESS CALL NUMBER | |
| Classification number | DS413 |
| Item number | .B364 |
| 082 ## - DEWEY DECIMAL CLASSIFICATION NUMBER | |
| Classification number | 915.4 |
| 300 ## - PHYSICAL DESCRIPTION | |
| Other physical details | illus. |
| Dimensions | 23 cm. |
| 100 1# - MAIN ENTRY--PERSONAL NAME | |
| Personal name | Beaton, Cecil, |
| Dates associated with a name | 1904-1980. |
| 9 (RLIN) | 5151 |
| 245 10 - TITLE STATEMENT | |
| Title | Indian album |
| Statement of responsibility, etc | [by] Cecil Beaton. |
| 260 ## - PUBLICATION, DISTRIBUTION, ETC. (IMPRINT) | |
| Place of publication, distribution, etc | London, |
| Name of publisher, distributor, etc | B.T. Batsford |
| Date of publication, distribution, etc | [1946] |
| 300 ## - PHYSICAL DESCRIPTION | |
| Extent | 77 p. |
| 500 ## - GENERAL NOTE | |
| General note | "First published, winter, 1945-6." |
| 500 ## - GENERAL NOTE | |
| General note | A supplementary volume to the author's Far East, published 1945. cf. Dust jacket. |
| 651 #0 - SUBJECT ADDED ENTRY--GEOGRAPHIC NAME | |
| Geographic name | India |
| Form subdivision | Pictorial works. |
| 9 (RLIN) | 5152 |
| 906 ## - LOCAL DATA ELEMENT F, LDF (RLIN) | |
| a | 7 |
| b | cbc |
| c | oclcrpl |
| d | u |
| e | ncip |
| f | 19 |
| g | y-gencatlg |
| 942 ## - ADDED ENTRY ELEMENTS (KOHA) | |
| Source of classification or shelving scheme | Library of Congress Classification |
| Koha item type | Monograph ( Printed materials) |
| Withdrawn status | Lost status | Source of classification or shelving scheme | Damaged status | Not for loan | Home library | Current library | Shelving location | Date acquired | Total Checkouts | Full call number | Barcode | Date last seen | Price effective from | Koha item type |
|---|---|---|---|---|---|---|---|---|---|---|---|---|---|---|
| Library of Congress Classification | ARRUPE LIBRARY | ARRUPE LIBRARY | Main Collection | 04/12/2013 | DS413 .B364 | 464123366 | 04/12/2017 | 04/12/2013 | Monograph ( Printed materials) |